000
00292nam a2200121Ia 4500
003
OSt
005
20260327112443.0
008
221117b |||||||| |||| 00| 0 Hin d
040
_a
BGL
_c
BGL
100
_a
तुलसीदास
245
0
_a
मणिकर्णिका
942
_c
GB
_2
ddc
999
_c
23771
_d
23771